| 000 | 00868nam a2200277Ia 4500 | ||
|---|---|---|---|
| 003 | OSt | ||
| 005 | 20221007122751.0 | ||
| 006 | a|||||r|||| 00| 0 | ||
| 007 | ta | ||
| 008 | 221006b |||||||| |||| 00| 0 eng d | ||
| 020 | _a9789814307499 | ||
| 024 | _a185191 | ||
| 037 |
_b1739, 24/05/2012, Ashutosh Technical Books _cTextual |
||
| 040 |
_aPAPL _cPAPL _beng |
||
| 041 |
_2eng _aeng |
||
| 082 | _aC9B36, Q0 Carpa | ||
| 100 |
_aKane G L Ed. _9715162 |
||
| 245 | 0 | _aPerspectives on supersymmetry 2 | |
| 260 |
_aNew _bJersey W S _c2010 |
||
| 300 |
_axix,583 _ccm. |
||
| 490 | _aAdvanced Series on directions in high energy physics | ||
| 500 | _aInclude bibliographical references | ||
| 650 | _aPhysics | ||
| 942 |
_hC9B36, Q0 Carpa _cTEXL _2CC |
||
| 999 |
_c1210900 _d1210900 |
||